000 01152nam a2200325 i 4500
003 EG-GICUC
005 20260426081500.0
008 260426s1973 fr fr|||| 00| 0 fre d
040 _aEG-GiCUC
_bfre
_cEG-GiCUC
_dEG-GiCUC
_eRda
041 _afre
082 0 4 _221
_a343.5
_bMO . P
092 0 4 _221
099 _aLaw1 10 343.5 MO . P 1973
100 1 _aMostafa, Mahmoud M.,
_eAuteur
245 1 0 _aPrincipes De Droit Pénal Des Pays Arabes /
_cPar Mahmoud M. Mostafa ; Préface De Marc Ancel.
264 1 _a Paris :
_bLibrairie Générale De Droit Et De Jurisprudence (L.G.D.J.),
_c1973 .
300 _a190 page ;
_c 24 cm.
336 _2rda contenu
_a texte
337 _2rda medias
_aOrdinateur
338 _2 transporteur rda
_a Ressource en ligne
504 _aComprend des références bibliographiques et un index.
546 _aTexte en français
650 1 _aDroit pénal
_2qrmak
651 1 _2qrmak
700 1 _a Ancel, Marc,
_ePréfacier
710 2 _aInstitut De Droit Comparé (Paris),
_eContributeur
856 4 0 _uhttps://fll.law.cu.edu.eg/fulltext/bks/B10-10800.pdf
905 _a167
942 _2ddc
_cBK
_e21
_n0
999 _c73388
_d73388